ՀՀ Գիտությունների ազգային ակադեմիայի հիմնարար գիտական գրադարան  =   Fundamental Scientific Library of NAS RA

Ծաղկահանդես : (Record no. 113466)

MARC details
000 -LEADER
fixed length control field 00792nam a2200193 u 4500
001 - CONTROL NUMBER
control field 000307549
003 - CONTROL NUMBER IDENTIFIER
control field AM-YeHGA
005 - DATE AND TIME OF LATEST TRANSACTION
control field 20250618071953.0
008 - FIXED-LENGTH DATA ELEMENTS--GENERAL INFORMATION
fixed length control field 040211s1985 ai r 000 0 arm d
040 ## - CATALOGING SOURCE
Original cataloging agency AM-YeHGA
041 0# - LANGUAGE CODE
Language code of text/sound track or separate title arm
090 ## - LOCALLY ASSIGNED LC-TYPE CALL NUMBER (OCLC); LOCAL CALL NUMBER (RLIN)
-- 114805
100 1# - MAIN ENTRY--PERSONAL NAME
Personal name Աղաբաբ, Հակոբ Բեժանի,
Dates associated with a name 1875-1926
9 (RLIN) 89
245 10 - TITLE STATEMENT
Title Ծաղկահանդես :
Remainder of title [Բանաստեղծություններ] /
Statement of responsibility, etc. Հ.Բ. Աղաբաբ; Կազմ. և առաջաբ.՝ Գ.Հ. Սրվանձտյանց; Խմբ.՝ Ս.Թ. Գաբրիելյան.
260 ## - PUBLICATION, DISTRIBUTION, ETC.
Place of publication, distribution, etc. Երևան :
Name of publisher, distributor, etc. Սովետական գրող,
Date of publication, distribution, etc. 1985.
300 ## - PHYSICAL DESCRIPTION
Extent 110 էջ ;
Dimensions 22 սմ.
650 14 - SUBJECT ADDED ENTRY--TOPICAL TERM
Topical term or geographic name entry element Հայ մանկական գրականություն
General subdivision Բանաստեղծություն
700 1# - ADDED ENTRY--PERSONAL NAME
Personal name Գաբրիելյան, Ս.
Relator term խմբ.
Relationship edt
9 (RLIN) 8584
Holdings
Withdrawn status Lost status Damaged status Not for loan Collection Home library Current library Date acquired Total checkouts Full call number Barcode Date last seen Price effective from Koha item type Public note
        General Fundamental Scientific Library Fundamental Scientific Library 22/12/2016   891.981-93 220072212 22/12/2016 22/12/2016 Գրքեր / Books 30 Days Loan


ՀՀ ԳԱԱ հիմնարար գիտական գրադարան
ՀՀ,Երևան 0019
Մարշալ Բաղրամյան 24/6
հեռախոս:(374-10) 52-47-50
Հետադարձ կապ

All site content, except where otherwise noted, is licensed under a
Creative Commons License